000 00654nam a22001817a 4500
003 UA-OsUOA
001 12543
007 ta
008 20050521b un ||||| |||| 00| 0 ukr d
100 _aТубіна С.
942 _cSA
040 _aUA-OsUOA
_cUA-OsUOA
_dUA-OsUOA
245 _aНеспокій і любов сільського лікаря
_b[Про голов. лікаря Бугринської дільничої лікарні, що у Гощан. р-ні, Івана Жовніра]
300 _aС.2
955 _a0
773 0 _w0
_tВісті Рівненщини
_dРівне
_d2005
_g№35/13 трав./
650 7 _aЖовнір І.
_2UDC
999 _c298704
_d298704